=LDR 00000nam 2200000 4500 =001 NUTBA000000000004730 =005 20160909111633.0 =006 =007 =008 =020 ##$$a 978-602-01-1354-8 =035 ##$$0010-091400000000763 =040 ##$$a NBPDMAT =082 ##$$a 540.1 =090 ##$$a 540.1 $b Nan k =100 ##$$a Nana Sutresna =245 ##$$a Kimia 1 untuk sekolah menengah atas / $c N. Sutresna =260 ##$$a -- Bandung : Grafindo Media Pratama =300 ##$$a ... jil : $b ilus. ; $c 24 cm. =650 ##$$a Kimia-SMA =990 ##$$a 21410757 =990 ##$$a 0001/BPAP-NTB/20142014 =990 ##$$a 0001/BPAP-NTB/20142015 =990 ##$$a 0001/BPAP-NTB/20142015 =990 ##$$a 0001/BPAP-NTB/20142015 =990 ##$$a 0001/BPAP-NTB/20142015 =990 ##$$a 0001/BPAP-NTB/2015 =990 ##$$a 0001/BPAP-NTB/2015 =990 ##$$a 0001/BPAP-NTB/2016 =990 ##$$a 0001/BPAP-NTB/2016 =990 ##$$a 1343813438 =990 ##$$a 0001/BPAP-NTB/20142014 =990 ##$$a 0001/BPAP-NTB/20142015 =990 ##$$a 0001/BPAP-NTB/20142015 =990 ##$$a 0001/BPAP-NTB/20142015 =990 ##$$a 0001/BPAP-NTB/20142015 =990 ##$$a 0001/BPAP-NTB/2015 =990 ##$$a 0001/BPAP-NTB/2015 =990 ##$$a 0001/BPAP-NTB/2015 =990 ##$$a 0001/BPAP-NTB/2016 =990 ##$$a 0001/BPAP-NTB/2016 =990 ##$$a 01201713438